The lessons of history / (Record no. 179600)

MARC details
000 -LEADER
fixed length control field 00622nam a22002057a 4500
005 - DATE AND TIME OF LATEST TRANSACTION
control field 20210623160453.0
010 ## - LCCN (DPL NO)
LC control number B-740284
020 ## - INTERNATIONAL STANDARD BOOK NUMBER
International Standard Book Number 9781439149959
Terms of availability 499.00
035 ## - SYSTEM CONTROL NUMBER
System control number B-740284
037 ## - SOURCE OF ACQUISITION
Source of stock number/acquisition Gift
082 ## - DEWEY DECIMAL CLASSIFICATION NUMBER
Classification number 901
100 ## - MAIN ENTRY--PERSONAL NAME
Personal name Durant, Will
245 ## - TITLE STATEMENT
Title The lessons of history /
Statement of responsibility, etc by Will Durant [and] Ariel Durant
260 ## - PUBLICATION, DISTRIBUTION, ETC. (IMPRINT)
Place of publication, distribution, etc New York
Name of publisher, distributor, etc Simon & Schuster
Date of publication, distribution, etc 1996
270 ## - ADDRESS
Address 1230 Avenue of the Americas
City New York
300 ## - PHYSICAL DESCRIPTION
Extent 117p.
Dimensions 21cm(pbk)
500 ## - GENERAL NOTE
General note include index
942 ## - ADDED ENTRY ELEMENTS (KOHA)
Source of classification or shelving scheme Dewey Decimal Classification
Item type English Books
Classification part 901
Call number suffix DUR
Holdings
Withdrawn status Lost status Not for loan Collection code Home library Current library Date acquired Source of acquisition Cost, normal purchase price Full call number Barcode Copy number Cost, replacement price Koha item type Public note
      Non-fiction Kadipur Kadipur 23/06/2021 Gift/Eng/02-06-2021 499.00 901 DUR B-740284 1 499.00 English Books Gift

© Delhi Public Library
Hit Counter
free hit counter